Terrorism and counterterrorism : (Record no. 54835)
[ view plain ]
| 000 -LEADER | |
|---|---|
| fixed length control field | 01791cac a2200409 i 4500 |
| 003 - CONTROL NUMBER IDENTIFIER | |
| control field | EG-GICUC |
| 005 - DATE AND TIME OF LATEST TRANSACTION | |
| control field | 20260121101652.0 |
| 008 - FIXED-LENGTH DATA ELEMENTS--GENERAL INFORMATION | |
| fixed length control field | 020502s2004 ctua frb 000 0 eng d |
| 020 ## - INTERNATIONAL STANDARD BOOK NUMBER | |
| International Standard Book Number | 0072873019 |
| 020 ## - INTERNATIONAL STANDARD BOOK NUMBER | |
| International Standard Book Number | 9780072873016 |
| 040 ## - CATALOGING SOURCE | |
| Original cataloging agency | AWC |
| Transcribing agency | AWC |
| Modifying agency | DLC |
| Description conventions | rda |
| 043 ## - GEOGRAPHIC AREA CODE | |
| Geographic area code | n-us--- |
| 082 00 - DEWEY DECIMAL CLASSIFICATION NUMBER | |
| Classification number | 341.77 |
| Edition number | 21 |
| 092 04 - LOCALLY ASSIGNED DEWEY CALL NUMBER (OCLC) | |
| Edition number | 21 |
| 099 ## - LOCAL FREE-TEXT CALL NUMBER (OCLC) | |
| Classification number | Law 10 2004 |
| 100 1# - MAIN ENTRY--PERSONAL NAME | |
| Personal name | Howard, Russell D. |
| 245 10 - TITLE STATEMENT | |
| Title | Terrorism and counterterrorism : |
| Remainder of title | understanding the new security environment : readings & interpretations / |
| Statement of responsibility, etc. | Russell D. Howard, Reid L. Sawyer ; foreword by Barry R. McCaffrey. |
| 250 ## - EDITION STATEMENT | |
| Edition statement | revised and Updated edition. |
| 264 ## - PRODUCTION, PUBLICATION, DISTRIBUTION, MANUFACTURE, AND COPYRIGHT NOTICE | |
| Place of production, publication, distribution, manufacture | Guilford, Conn. : |
| Name of producer, publisher, distributor, manufacturer | McGraw-Hill/Dushkin, |
| Date of production, publication, distribution, manufacture, or copyright notice | 2004. |
| 300 ## - PHYSICAL DESCRIPTION | |
| Extent | xxiii, 544 pages ; |
| Dimensions | 28 cm. |
| 336 ## - CONTENT TYPE | |
| Content type term | text |
| Content type code | txt |
| Source | rdacontent |
| 337 ## - MEDIA TYPE | |
| Media type term | Computer |
| Media type code | n |
| Source | rdamedia |
| 338 ## - CARRIER TYPE | |
| Carrier type term | Online Resorce |
| Carrier type code | nc |
| Source | rdacarrier |
| 505 0# - FORMATTED CONTENTS NOTE | |
| Formatted contents note | Terrorism defined -- Why terrorism? -- The new terrorism model -- Religion -- Weapons of mass destruction -- The threat of other forms of terrorism -- The challenges of terrorism -- Strategies and approaches to combating terrorism -- Organizing to fight terrorism -- Instruments of counterterrorism. |
| 650 #0 - SUBJECT ADDED ENTRY--TOPICAL TERM | |
| Topical term or geographic name entry element | Terrorism. |
| 650 #0 - SUBJECT ADDED ENTRY--TOPICAL TERM | |
| Topical term or geographic name entry element | Terrorism |
| Geographic subdivision | United States |
| General subdivision | Prevention. |
| 650 #0 - SUBJECT ADDED ENTRY--TOPICAL TERM | |
| Topical term or geographic name entry element | Terrorism |
| General subdivision | Prevention |
| -- | Government policy |
| Geographic subdivision | United States. |
| 650 #0 - SUBJECT ADDED ENTRY--TOPICAL TERM | |
| Topical term or geographic name entry element | National security |
| Geographic subdivision | United States. |
| 700 1# - ADDED ENTRY--PERSONAL NAME | |
| Personal name | Howard, Russell D. |
| Fuller form of name | (Russell D'Vere), |
| Dates associated with a name | 1946- |
| 700 1# - ADDED ENTRY--PERSONAL NAME | |
| Personal name | Sawyer, Reid L. |
| 856 41 - ELECTRONIC LOCATION AND ACCESS | |
| Uniform Resource Identifier | <a href="https://fll.law.cu.edu.eg/fulltext/bks/ENGB10-00168.pdf">https://fll.law.cu.edu.eg/fulltext/bks/ENGB10-00168.pdf</a> |
| 856 41 - ELECTRONIC LOCATION AND ACCESS | |
| Host name | Table of contents |
| Uniform Resource Identifier | <a href="http://www.loc.gov/catdir/toc/mh031/2002106286.html">http://www.loc.gov/catdir/toc/mh031/2002106286.html</a> |
| 856 42 - ELECTRONIC LOCATION AND ACCESS | |
| Host name | Publisher description |
| Uniform Resource Identifier | <a href="http://www.loc.gov/catdir/description/mh024/2002106286.html">http://www.loc.gov/catdir/description/mh024/2002106286.html</a> |
| 905 ## - Cataloger and Reviser Names | |
| Cataloger Name: | Hend El khosy |
| 942 ## - ADDED ENTRY ELEMENTS (KOHA) | |
| Source of classification or shelving scheme | Dewey Decimal Classification |
| Koha item type | Books |
| Edition | 21 |
| Suppress in OPAC | No |
| Withdrawn status | Lost status | Source of classification or shelving scheme | Damaged status | Not for loan | Collection | Home library | Current library | Date acquired | Total checkouts | Full call number | Barcode | Date last seen | Copy number | Price effective from | Koha item type | Public note |
|---|---|---|---|---|---|---|---|---|---|---|---|---|---|---|---|---|
| Dewey Decimal Classification | القانون الجنائي | جــــامعة القــاهرة | مكتبة كلية الحقوق - فـرع الشيخ زايد | 06.01.2026 | Law2 10 341.77 HO . T rev. ed - 2004 1000168 C1 | ENGB10-00168 | 06.01.2026 | 1 | 06.01.2026 | Books | 2095 |